000 01316nam a22003617a 4500
003 CHAP
005 20220329133808.0
008 971013c19791968 r 00010 d
010 _a11021
011 _a11993
035 _a13595
040 _cCHAP
082 0 4 _a323.3
_bM4
100 0 0 _aMendizábal, Miguel Othón de.
_974588
245 1 _aEnsayos sobre las clases sociales en México
260 _aMéxico, D. F. :
_bNuestro Tiempo,
_c1979 (c.1968)
300 _a214 P.
490 _aLos grandes problemas nacionales
590 _aBATCH-UPD
_b10
_c20130110
_lUCH01
_h0925
590 _aBATCH-UPD
_b10
_c20130410
_lUCH01
_h0546
590 _aBATCH-UPD
_b10
_c20130914
_lUCH01
_h0946
590 _aCONVERSION
_b10
_c20130109
_lUCH01
_h1307
650 1 4 _aClases sociales.
_923673
650 1 4 _aMéxico
_xCondiciones sociales.
_976730
830 0 _aLos grandes problemas nacionales
_968570
901 _aBK
942 _cLIBRO
949 _a323.3 M4
_bBC
_cLIBRO
_d-149903
_eLIBRO
_fc.8
_h53439
_i13595
_si
949 _a323.3 M4
_bBC
_cLIBRO
_d33724000298220
_eLIBRO
_fc.6
_h50196
_i13595
_si
949 _a323.3 M4
_bBC
_cLIBRO
_d33724000298238
_eLIBRO
_fc.4
_h50194
_i13595
_si
949 _a323.3 M4
_bBC
_cLIBRO
_d33724000298386
_eLIBRO
_h48588
_i13595
_si
949 _a323.3 M4
_bBC
_cLIBRO
_d33724000679478
_eLIBRO
_fc.7
_h50197
_i13595
_si
999 _c11021
_d11021